Trademarks, advertising and brand protection : (Record no. 4994)

MARC details
000 -LEADER
fixed length control field 00594 a2200169 4500
010 ## - LCCN (DPL NO)
LC control number ENG-86606
020 ## - INTERNATIONAL STANDARD BOOK NUMBER
International Standard Book Number 1403930120
Terms of availability 365.00
035 ## - SYSTEM CONTROL NUMBER
System control number EN-70139
037 ## - SOURCE OF ACQUISITION
Source of stock number/acquisition DBAD / PUB
082 14 - DEWEY DECIMAL CLASSIFICATION NUMBER
Classification number 659.1
100 ## - MAIN ENTRY--PERSONAL NAME
Personal name Ryder, Rodney D.
245 1# - TITLE STATEMENT
Title Trademarks, advertising and brand protection :
Statement of responsibility, etc by Rodney D. Ryder
Remainder of title a manual for organisations and individual managing intellectual property /
260 ## - PUBLICATION, DISTRIBUTION, ETC. (IMPRINT)
Place of publication, distribution, etc New Delhi
Name of publisher, distributor, etc Macmillan India
Date of publication, distribution, etc 2006
270 ## - ADDRESS
Address 2/10, Ansari Road, Daryaganj,
City New Delhi
Postal code 110 002
300 ## - PHYSICAL DESCRIPTION
Extent xx, 392p
Dimensions 24cm (pbk)
942 ## - ADDED ENTRY ELEMENTS (KOHA)
Institution code [OBSOLETE] dpl
Item type English Books
Source of classification or shelving scheme Dewey Decimal Classification
Classification part 659.1
Call number suffix RYD
Holdings
Withdrawn status Lost status Not for loan Collection code Home library Current library Source of acquisition Cost, normal purchase price Full call number Barcode Copy number Cost, replacement price Koha item type
    Not For Loan Non-fiction D.B.Act.Division D.B.Act.Division DBAD/PUB 365.00 659.1 RYD EN-70139 1 365.00 English Books

© Delhi Public Library
Hit Counter
free hit counter